| 000 | 00453nam a2200181Ia 4500 | ||
|---|---|---|---|
| 008 | 230711s9999||||xx |||||||||||||| ||und|| | ||
| 020 | _a978-81-219-0306-6 | ||
| 041 | _aENG | ||
| 082 |
_a515.8 _bNA-R |
||
| 100 | _aNarayan,Shanti | ||
| 245 | 0 | _aElements of Real Analysis | |
| 250 | _a3rd Reprint Ed. | ||
| 260 |
_c2021 _aNew Delhi _bS.Chand & Company Ltd |
||
| 300 | _a22.48p. | ||
| 650 | _aMathematics | ||
| 700 | _aRaisinghania, M.D | ||
| 942 | _cBK | ||
| 999 |
_c6985 _d6985 |
||